Планът "Елиминирай Европа" (Запис номер 539483)
[ съкратено ]
| 000 -Лидер | |
|---|---|
| Лидер | 01097nam a2200253 c 4500 |
| 003 - Код на организацията, давaща контролен номер | |
| Код на организацията, даваща контролен номер | BLK |
| 005 - Дата и час на последна редакция | |
| Дата и час на последна редакция | 20250728171833.0 |
| 008 - Елементи от данни с фиксирана дължина | |
| Елементи с фиксирана дължина | 180411b bul|||||r ||||||| ||bul|| |
| 020 ## - Международен стандартен номер на книга ISBN | |
| ISBN | 9786191646920 |
| 040 ## - Източник на каталожния запис | |
| Код на библиотеката | BLK |
| 041 ## - Код за език | |
| Език | Български |
| Език за КДБФ | Български |
| 080 ## - УДК | |
| УДК текст | Българска литература |
| УДК код | 821.163.2 |
| УДК – определител | -31 |
| УДК – код + определител | 821.163.2-31 |
| 084 ## - Класификационен индекс по друга класификация | |
| Авторски знак | Фили - Ф 50 |
| 100 1# - Редна дума - Автор | |
| Автор | Филипова, Людмила Орлинова |
| Години, свързани с автора | 1977- |
| Биография на автора | Писател. Икономист. Магистър по астрономия. Журналист |
| R(LIN) | 277447 |
| 245 10 - Сведения за заглавието | |
| Заглавие | Планът "Елиминирай Европа" |
| Подзаглавни данни | Роман базиран на действителни събития |
| Авторска отговорност | Людмила Филипова. |
| 257 ## - Страна на издаване | |
| Страна на създаване/издаване | България |
| 260 ## - Област на издателските данни | |
| 9 (RLIN) | 215899 |
| Място на издаване | София |
| Име на издателя | Enthusiast |
| Година на издаване | 2025 |
| Издателство - префикс ISBN | 978-619-164- ; 978-954-2958- ; 978-954-8657- |
| 300 ## - Физическа характеристика | |
| Брой страници | 358 с. |
| Размер | 21 см |
| 380 ## - Жанр | |
| Жанр | Худож. лит. |
| 852 ## - Местоположение | |
| Отдел | Заемна - подръчен фонд |
| Систематично-азбучна сигнатура | 821.163.2-31/Ф 50 Л |
| 942 ## - АРТИКУЛИ | |
| Вид на библиотечния документ | Книги |
| Скрит в OPAC | Не |
| Koha issues (borrowed), all copies | 27 |
| Периодичен библиозапис | Да |
| 944 ## - СЪЗДАВАНЕ И РЕДАКЦИЯ на ЗАПИСА | |
| Създаване/Редакция | |
| Дата на регистрацията/редакция | Моника Янева |
| Служител, извършил регистрацията/редакцията | 30576 |
| Номер на служител | Цветомила Тодорова |
| 999 ## - СИСТЕМНИ КОНТРОЛНИ НОМЕРА | |
| Koha biblionumber | 539483 |
| Koha biblioitemnumber | 539483 |
| Код за отписване | Код за изгубен артикул | Източник на класификационната схема | Код за повреда | Код за отдаване | Артикулен № | Име на библиотеката - собственик | Име на библиотеката, в която се намира в момента | Статус (Текущо местоположение) | Дата на вписване в системата | Местоположение - отдел | Цена в лева | Инвентарен номер | Систематично азбучна сигнатура | Баркод | Цена в евро | Служебен тип на артикула |
|---|---|---|---|---|---|---|---|---|---|---|---|---|---|---|---|---|
| Не е изгубен | Universal Decimal Classification | Не е повреден | заемане за дома | 975226 | Регионална библиотека "Любен Каравелов" Русе | Регионална библиотека "Любен Каравелов" Русе | Заемна - подръчен фонд | 2025-06-09 | Заемна - подръчен фонд | 17.52 | 120000920293 | 821.163.2-31/Ф 50 Л | 120000920293 | 8.96 | Книги | |
| Не е изгубен | Universal Decimal Classification | Не е повреден | заемане за дома | 975227 | Регионална библиотека "Любен Каравелов" Русе | Регионална библиотека "Любен Каравелов" Русе | Заемна - подръчен фонд | 2025-06-09 | Заемна - подръчен фонд | 17.52 | 120000920292 | 821.163.2-31/Ф 50 Л | 120000920292 | 8.96 | Книги |